000 00572nam a22001697a 4500
003 OSt
005 20250822060920.0
008 250822b |||||||| |||| 00| 0 eng d
020 _a1-56052-321-2
040 _cOC
082 _aCirc. 658.4 P756r 1995
100 _aPokras, S.
245 _aRapid team deployment :
_bbuilding high-performance project teams
260 _aCalifornia :
_bCrisp Publications, Inc.,
_c c1995
300 _ax, 128 pages :
_billustration :
_c25 cm.
942 _2ddc
_cBK-CIRC
_hCirc. 658.4 P756r 1995
_kCirc.
_n0
999 _c4190
_d4190